| 000 | 00678nam a2200229 a 4500 | ||
|---|---|---|---|
| 001 | 000047388 | ||
| 003 | DO-SdBNP | ||
| 005 | 20260303133933.0 | ||
| 007 | ta | ||
| 008 | 091123s2000 dr a 000 h spa d | ||
| 040 |
_aDO-SdBNP _bspa _cBNPHU |
||
| 082 | 4 |
_aRD867.44 _bC744v 2000 _222 |
|
| 100 | 1 |
_aConcha, Leonel _930501 |
|
| 245 | 1 | 3 |
_aLa vida en broma _b(décimo libro). / _cLeonel Concha ; Prólogo Koldo. |
| 260 |
_aSanto Domingo : _bSuplemento, _c2000. |
||
| 300 |
_a198 p. : _bil. ; _c21 cm. |
||
| 590 | _aInventariado, 2018/ YL | ||
| 650 | 0 |
_aHumorismo dominicano _9275 |
|
| 650 | 0 |
_aLiteratura dominicana. _967 |
|
| 700 | 1 |
_aKoldo, _epról. _977978 |
|
| 942 |
_2ddc _cLBS1 |
||
| 999 |
_c46876 _d46876 |
||